1784 1461 1848 1834 1126 1810 1854 1620 1213 1401 1815 1870 1011 1709 1765 1249 1744 1845 1800 1944 1707 1335 1468 1984 1226 1152 1793 1597 1774 1579 1570 1086 1539 1905 1610 1265 1602 1877 1556 1752 1245 1823 1926 1843 1727 1236 1250 1610 1254 1128 1364 1180 1994 1035 1918 1331 1690 1202 1575 1314 1467 1598 1874 1506 1724 1991 1027 1052 1228 1571 1875 1309 1056 1180 1556 1933 1045 1740 1739 1046 1881 1549 1208 1931 1690 1582 1403 1129 1402 1090 1805 1982 1553 1770 1968 1754 1854 1757 1904 BCNSPRNW ULIB Ver.6.0+V

เปลี่ยนเป็นภาษาไทย

Change to English
 แสดงรายละเอียดบรรณานุกรม
  กลับหน้าหลัก

Brief Record : Get Marc (ISO 2709) : E-mail record : QR code < ปิดหน้าต่าง
LEADER : 00000nam 2200000uu 4500
001    13399114109
003     ULIB
008    120110s||||||||th 000 0 tha d
099    วจ.WA100^bส718ก
100 0  สิตานันท์ ศรีใจวงศ์
245 00 การติดตามผลการบริหารจัดการงบสร้างเสริมสุขภาพและป้องกันโรคกองทุนหลักประกันสุขภาพแห่งชาติ ปีงบประมาณ 2551 สาขาพื้นที่(พิษณุโลก)/^cสิตานันท์ ศรีใจวงศ์ และ ดุจเดือน เขียวเหลือง
260    อุตรดิตถ์ :^bวิทยาลัยพยาบาลบรมราชชนนี อุตรดิตถ์,^c2552
300    96 หน้า :^bตาราง
500    รายงานการวิจัย
650  7 การสร้างเสริมสุขภาพ^xวิจัย
650  7 การป้องกันโรค^xวิจัย
650  7 กองทุนหลักประกันสุขภาพ^xวิจัย
700 0  ดุจเดือน เขียวเหลือง
710 1  วิทยาลัยพยาบาลบรมราชชนนี อุตรดิตถ์
710 1  สำนักงานหลักประกันคุณภาพแห่งชาติ
945    ^p0^l0^i030997
995    ทศพร
999 ^a ทศพร
รายการนี้ยังไม่มีแท็ก
คุณยังไม่ได้ล็อกอิน คุณสามารถมีกิจกรรมร่วมกับเว็บไซต์ได้ แต่ต้องล็อกอินก่อน ::
  ล็อกอิน

รายการสื่อสารสนเทศ

ลำดับที่ ประเภท เลขเรียก/บาร์โค้ด สถานที่ สถานะ
1. งานวิจัย
งานวิจัย
วจ.WA100 ส718ก  
  Barcode: 030997
ห้องสมุดวิทยาเขตสวรรค์ประชารักษ์
►วิจัย
บนชั้น

รายการใกล้เคียง
    ผู้แต่ง [สิตานันท์ ศรีใจวงศ์]

BibComment


ยังไม่เคยถูกคอมเมนท์

คอมเมนท์ทรัพยากรรายการนี้
  คอมเมนท์: การติดตามผลการบริ..


 Copyright 2026. Bcnsprnw @Library